Výběr informací z organizační a výpočetní techniky

Gespeichert in:
Bibliographische Detailangaben
Format: Schriftenreihe
Sprache:Tschechisch
Veröffentlicht: Praha Národní organizace technické obsluhy 1981
Tags: Tag hinzufügen
Keine Tags, Fügen Sie das erste Tag hinzu!

MARC

LEADER 00000nas2a2200000 4500
001 s123749
005 20250730114223.8
041 0 |a cze 
044 |a CZ 
245 1 0 |a Výběr informací z organizační a výpočetní techniky 
264 1 |a Praha  |b Národní organizace technické obsluhy  |c 1981 
300 |a 1 zv. 
773 0 |w eu_un_cat*s120923